| 000 | 004130000a22001690004500 | ||
|---|---|---|---|
| 003 | MACL | ||
| 005 | 20160105120656.0 | ||
| 008 | 160105b xxu||||| |||| 00| 0 eng d | ||
| 040 |
_aMACL _cMACL |
||
| 041 | _aEnglish | ||
| 082 | _a823/BAL | ||
| 100 |
_aBalzac, Honore De _927794 |
||
| 245 | _aThe Wild Asss Skin | ||
| 260 |
_bJ M Dent & Sons LTD _aLondon |
||
| 650 |
_aFiction _927795 |
||
| 942 |
_cBK _k823/BAL _2ddc |
||
| 999 |
_c39336 _d39336 |
||